000 00319nam a22001217a 4500
020 _a07-079798-6
082 _a503.21 MCG'I
100 _aINTERNATIONAL
_910648
245 _aMCGRAW HILL ENGINEERING OF SCIENCE AND TECHNOLOGY VOLUME - 3 CHA-CYT
260 _aNEWYORK
_bMCGRAW HILL
_c1971
300 _a710P
942 _cBK
999 _c583575
_d583575